Datum a čas kvízu
27
Celkem bodů
Celkový počet nahraných bodů na tomto kvízu bez doplňovacích otázek.
8.
Pořadí na kvízu
Konečné umístění týmu na tomto kvízu.
Zaznamenané odpovědi
| # | Otázka | Odpověď | Body | Výsledky |
|---|---|---|---|---|
| 1. | Ve čtvrtek jsme se dozvěděli,... | Rohlík.cz | 1 | |
| 2. | O nebývalý rozruch se na newyo... | A) mýval | 1 | |
| 3. | Minulý týden byl zveřejněn tea... | Marty Pohl, Řezník | 0.5 | |
| 4. | Řetězec Pepco se pod tlakem zá... | C) zkušební kabiny | 1 | |
| 5. | V úterý byly zveřejněny podrob... | Tadej Pogačar, Spojené arabské emiráty | 1 | |
| 6. | Robin Hood je britsko-americký... | Ridley Scott, Russel Crowe | 0.5 | |
| 7. | Režisér a scenárista Otakar Vá... | Proti všem | 0 | |
| 8. | Německý film režiséra Edwarda... | Na západní frontě klid, Erich Maria Remarque | 1 | |
| 9. | Film Pianista byl natočen v ro... | Adrien Brody, Roman Polański | 1 | |
| 10. | Napište název filmu, z něhož p... | Nepřítel před branami | 0 |